000 00296nam a22001337a 4500
008 170719b xxu||||| |||| 00| 0 eng d
020 _a2900883445500
041 _aeng
080 _a2
100 _a24
101 _aTEO
245 _aINTRODUCING LIBERATION THEOLOGY
_cBOFF, L
942 _2udc
_cBK
999 _c21516
_d21516